000 01714nam a2200397Ia 4500
001 ebr10661850
003 CaPaEBR
006 m u
007 cr cn|||||||||
008 100623s2010 nyua sb 001 0 eng d
010 _z 2010026927
020 _z9781617289088 (softcover)
020 _z9781617613548
040 _aCaPaEBR
_cCaPaEBR
035 _a(OCoLC)834129270
050 1 4 _aQP624.75.D77
_bH47 2010eb
082 0 4 _a572.8/6
_222
100 1 _aHepel, Maria.
245 1 0 _aInteractions of herbicide atrazine with DNA
_h[electronic resource] /
_cMaria Hepel and Magdalena Stobiecka.
260 _aNew York :
_bNova Science Publishers,
_cc2010.
300 _aviii, 66 p. :
_bill. (some col.).
490 1 _aDNA: properties and modifications, functions and interactions, recombination and applications.
490 1 _aEnvironmental science, engineering and technology.
504 _aIncludes bibliographical references and index.
533 _aElectronic reproduction.
_bPalo Alto, Calif. :
_cebrary,
_d2013.
_nAvailable via World Wide Web.
_nAccess may be limited to ebrary affiliated libraries.
650 0 _aDNA-drug interactions.
650 0 _aAtrazine
_xToxicology.
650 0 _aBiosensors.
650 0 _aEnvironmental monitoring
_xMethodology.
655 7 _aElectronic books.
_2local
700 1 _aStobiecka, Magdalena.
710 2 _aebrary, Inc.
830 0 _aDNA--properties and modifications, functions and interactions, recombination and applications series.
830 0 _aEnvironmental science, engineering and technology series.
856 4 0 _uhttp://site.ebrary.com/lib/rucke/Doc?id=10661850
_zAn electronic book accessible through the World Wide Web; click to view
999 _c170378
_d170378